|
|
|
|
| LEADER |
00000nab a2200000 a 4500 |
| 001 |
vtls000136768 |
| 003 |
SK-MaSNL |
| 005 |
20260304060257.0 |
| 008 |
250422c1982 xo 0 slo |
| 015 |
|
|
|a SNBRB19rr/mm-uuuuu
|
| 035 |
|
|
|a CL0146874
|
| 035 |
|
|
|a urn:nbn:sk:snk-ab2831
|
| 035 |
|
|
|a (urnnbn)urn:nbn:sk:snk:ar-a01x0r
|
| 035 |
|
|
|a (uuid)5f7170ad-c683-444d-bfe1-6a31296c0364
|
| 040 |
|
|
|a SNKBUCL
|b slo
|c SNKBUCL
|e AACR2
|
| 041 |
0 |
|
|a slo
|
| 044 |
|
|
|a xo
|c SK
|
| 080 |
|
|
|a 008
|2 1981
|
| 080 |
|
|
|a 7
|2 1981
|
| 080 |
|
|
|a 1 100.54
|2 1981
|
| 080 |
|
|
|a 301.15
|2 1981
|
| 100 |
1 |
|
|a Malá, Emília
|4 aut
|9 377411
|
| 245 |
1 |
0 |
|a Konferencia o spoločenských princípoch a zákonitostiach rozvoja socialistickej kultúry a umenia
|c Emília Malá
|
| 650 |
0 |
7 |
|a kultúra socialistická
|2 snkbucl
|9 921632
|
| 650 |
0 |
7 |
|a umenie socialistické
|2 snkbucl
|9 928923
|
| 655 |
|
7 |
|a články z novín a časopisov
|2 snkbucl
|9 267496
|
| 773 |
0 |
|
|t Sociológia
|g Roč. 14, č. 5 (1982), s. 583-587
|
| 850 |
|
|
|a Slovenská národná knižnica
|
| 852 |
|
|
|a Slovenská národná knižnica
|
| 954 |
|
|
|a odborná, vedecká literatúra pôvodná (slovenská)
|2 lita
|
| 957 |
|
|
|a 5211
|
| 958 |
|
|
|a article27
|
| 958 |
|
|
|a RK
|
| 958 |
|
|
|a OND
|
| 958 |
|
|
|a EUIPO
|
| 992 |
|
|
|a RBX
|
| 999 |
|
|
|c 2728021
|d 2729951
|